Supercritical fluid science and technology

Αποθηκεύτηκε σε:
Λεπτομέρειες βιβλιογραφικής εγγραφής
Συγγραφή απο Οργανισμό/Αρχή: American Institute of Chemical Engineers. Meeting
Άλλοι συγγραφείς: Johnston, Keith P., 1955- (Επιμελητής έκδοσης), Penninger, Johannes M. L., 1942- (Επιμελητής έκδοσης)
Μορφή: Βιβλίο
Γλώσσα:English
Δημοσίευση: Washington : American Chemical Society, c1989
Σειρά:ACS symposium series ; ; 406
Θέματα:
Ετικέτες: Προσθήκη ετικέτας
Δεν υπάρχουν, Καταχωρήστε ετικέτα πρώτοι!

MARC

LEADER 00000cam a2200000 i 4500
001 1/16210
008 980731s1989 eng d
020 |a 0-8412-1678-9 
035 |l 10020116 
040 |a GR-MY-UA  |b gre  |e aacr 
041 0 |a eng 
082 0 |a 660.2842 
245 1 0 |a Supercritical fluid science and technology /  |c Keith P. Johnston, editor ; Johannes M. L. Penninger, editor 
260 |a Washington :   |b American Chemical Society,   |c c1989 
300 |a 550 p.  |b fig. 
490 1 |a ACS symposium series  |v ; 406  |x 0097-6156 
500 |a Developed from a symposium sponsored by the American Institude of Chemical Engineers at the American Institute of Chemical Engineers Annual Meeting, Washington, DC, November 27-December 2, 1988 
504 |a Includes index 
650 0 0 |a Supercritical fluid extraction  |x Congresses. 
700 1 |a Johnston, Keith P.,   |d 1955-  |4 edt 
700 1 |a Penninger, Johannes M. L.,   |d 1942-  |4 edt 
710 2 |a American Institute of Chemical Engineers.   |b Meeting   |d (1988 :   |c Washington, D.C.) 
830 0 |a ACS symposium series ;  |v ; 406  |x 0097-6156 
852 |a INST  |b LESVOS  |e 19980731  |h 660.2842 SUP  |p 005100013052  |q 005100013052  |t BK  |y 0 
901 |a BIBL-1998-3 
922 |a 1ΕΛΗ  |b 199808  |c ΚΠΣ/ΤΠ  |d ΠΑΠΑΣΩΤΗΡΙΟΥ 
950 |a 107-1998-04-07